000 03303cam a22006374i 4500
003 PE-LiUPU
005 20250731180117.0
008 181217s2016 mx a r 000 0 spa d
020 _a9786077441335
020 _a6077441333
035 _a(Sirsi) a251076
040 _aPE-LiUPU
_bspa
_cPE-LiUPU
_erda
049 _aPRUA
082 0 4 _a531.11
_bZ11
_220
100 1 _aZacarías Santiago, Alejandro,
_eautor.
245 1 0 _aDinámica :
_bmecánica para ingenieros /
_cAlejandro Zacarías Santiago [y otros seis].
250 _aPrimera edición.
264 1 _aMéxico :
_bPatria,
_c2016.
300 _axii, 472 páginas :
_bilustraciones ;
_c27 centímetros
300 _a1CD-ROM
336 _atext
_2rdacontent
337 _aunmediated
_2rdamedia
338 _avolume
_2rdacarrier
505 0 _aIntrIntroducción a la dinámica -- Cinemática de la partícula -- Fuerza y aceleración de la partícula -- Trabajo y energía de la partícula -- Impulso y cantidad de movimiento de la partícula -- Cinemática bidimensional del cuerpo rígido -- Fuerza y aceleración bidimensional de cuerpo rígido -- Trabajo y energía bidimensional de cuerpo rígido -- Impulso y cantidad de movimiento bidimensional de cuerpo rígido -- Introducción a la cinemática tridimensional -- Introducción a la dinámica tridimensional -- Vibraciones amortiguadas y no amortiguadas.oducción a la dinámica -- Cinemática de la partícula -- Fuerza y aceleración de la partícula -- Trabajo y energía de la partícula -- Impulso y cantidad de movimiento de la partícula -- Cinemática bidimensional del cuerpo rígido -- Fuerza y aceleración bidimensional de cuerpo rígido -- Trabajo y energía bidimensional de cuerpo rígido -- Impulso y cantidad de movimiento bidimensional de cuerpo rígido -- Introducción a la cinemática tridimensional -- Introducción a la dinámica tridimensional -- Vibraciones amortiguadas y no amortiguadas.
526 _aSEG44
526 _aSEG26
526 _aP159
526 _aP155
526 _aP154
526 _aP153
526 _aP150
526 _aP100
526 _aP31
526 _aP30
526 _aP26
526 _aP25
526 _aP24
526 _aP22
526 _aP15
526 _aP10
541 _g002-00000768;
650 0 4 _aDinámica.
700 1 _aRamírez Flores, Mario Antonio,
_eautor.
700 1 _aSantos Caballero, Manuel Galileo,
_eautor.
700 1 _aGranados Manzo, Andrés,
_eautor.
700 1 _aVera Medina, Gerrado,
_eautor.
700 1 _aMota Lugo, Antonio,
_eautor.
700 1 _aJiménez Castillo, Cuauhtémoc,
_eautor.
910 _adbm
_bncf
_cncf
_d20181217
942 _2ddc
_cBOOK
994 _aC0
_bPEPRU
598 _aCATALOGING
596 _a1
999 _a531.11 Z11
_wDEWEY
_c30527
_i79522
_d30527
_e2019-11-21
_f2021-11-9
_g4
_lCCODEBUL1
_mBUL
_n10
_p28.42
_q1
_r0
_sY
_tBOOK
_u2018-12-17
_xINGENIERIA
_PP25
_0COMPRA
_1FCOMPR2
_o.STAFF. Colección Ingeniería y Arquitectura
999 _a531.11 Z11
_wDEWEY
_c2
_i79523
_d2019-9-20
_e2019-9-19
_f2021-11-9
_g4
_lCCODEBUL1
_mBUL
_n2
_p28.42
_r0
_sY
_tBOOK
_u2018-12-17
_xINGENIERIA
_PP25
_0COMPRA
_1FCOMPR2
_o.STAFF. Colección Ingeniería y Arquitectura
980 _81
_gALBERTO SANCHEZ Responsable de Automatización